Datum a čas kvízu
18
Celkem bodů
Celkový počet nahraných bodů na tomto kvízu bez doplňovacích otázek.
9.
Pořadí na kvízu
Konečné umístění týmu na tomto kvízu.
Zaznamenané odpovědi
| # | Otázka | Odpověď | Body | Výsledky |
|---|---|---|---|---|
| 1. | Český národ si dokáže udělat s... | 0 | ||
| 2. | Chuť na víno dodala odvahy jis... | 0 | ||
| 3. | Tento britský herec, který v z... | 0 | ||
| 4. | Donald Trump slíbil Norsku stí... | 1 | ||
| 5. | Zdá se, že nám roste v jižních... | 0 | ||
| 6. | Pro mimobrněnské soutěžící upř... | 0 | ||
| 7. | Bývalé mayské město na území d... | 0 | ||
| 8. | Na název českého spolku zaměře... | 1 | ||
| 9. | Plod listnatého stromu z čeled... | 1 | ||
| 10. | Ze šalinkarty vyberete i to, c... | 0 |